Statistics for College Football Matchups: Cincinnati

Click here to take the quiz!

General Stats

  • This quiz has been taken 12 times
  • The average score is 10 of 16

Answer Stats

# of GamesOpponentLast Meeting% Correct
54Louisville12/17/2022
100%
51Ohio09/22/2018
89%
17Ohio State09/07/2019
89%
21West Virginia11/18/2023
89%
33Kentucky09/07/1996
78%
37Memphis10/31/2020
67%
127Miami (OH)09/16/2023
67%
20South Florida10/08/2022
67%
19Tulane11/25/2022
67%
29Houston11/11/2023
56%
24Temple11/19/2022
56%
37Tulsa10/01/2022
56%
26East Carolina11/11/2022
44%
33Dayton09/11/1971
22%
19Rutgers11/16/2013
22%
17North Texas12/17/2002
11%

Score Distribution

Percentile by Number Answered

Percent of People with Each Score

Your Score History

You have not taken this quiz